000 00317nam a22001457a 4500
008 210604b ||||| |||| 00| 0 eng d
020 _a2900840028166
041 _aeng
080 _214th
_a316
082 _a316
100 _a50
101 _aSOC
245 _aCommunicate
_cKatheen S. Verderber
942 _2udc
_cBK
999 _c57979
_d57979